Rozpoznaj numer warszawskiej linii autobusowej po krańcach #2 - Statystyki

Ogólne statystyki
  • Ten quiz został rozwiązany 114 razy
  • Średni wynik to 9 z 15
Statystyki odpowiedzi
Początek/koniec trasy Numer linii % Poprawnych
Plac Bankowy- Marysin 520
77%
Esperanto- Gocław 111
76%
Metro Kabaty- Plac Hallera 166
68%
Znana- Siekierki Sanktuarium 167
68%
Olesin- Dworzec Wschodni (Kijowska) 120
64%
Metro Wilanowska- Plac Trzech Krzyży 108
63%
Osiedle Górczewska- Rondo Daszyńskiego 105
60%
Konwiktorska- PKP Ursus 178
60%
Wiatraczna- Zielona 183
57%
Metro Trocka- Rembertów Strzelnica 199
56%
Bródno Podgrodzie- Metro Politechnika 118
53%
Rynia/Nowe Załubice- Metro Marymont 705
53%
Ursynów Południowy- Ursus Niedźwiadek 401
48%
Stare Bemowo- P+R Aleja Krakowska 154
45%
Metro Targówek Mieszkaniowy- Grodzisk 527
43%
Nie znaleziono quizów pasujących do podanych kryteriów
Rozkład punktacji
Procent ludzi z każdym wynikiem
Percentyl według liczby udzielonych odpowiedzi
Twoja historia wyników
Nie rozwiązałeś tego quizu